000 01931nam a2200277Ia 4500
001 K0657
003 IT-RoPAU
008 130308s9999 xx 000 0 und d
040 _aIT-RoPAU
040 _cIT-RoPAU
041 _aITALIANO
100 _aDi Dario Guida Maria Pia
100 _gCodice Aut. SPICS: 60266
245 _aArte in Calabria- Ritrovamenti - restauri - recuperi
245 _bArte in Calabria. Ritrovamenti - restauri - Recuperi
250 _a1a ed.
260 _bs.e. (senza Editrice o non identificata)
260 _c1976 [1° Ed.:1976 - Ed.Ling.Originale:1976]
300 _a"586 p. (prefazione: no ; testo: 586 [pagine: 0-0])"
500 _a"Catalogo della mostra Tenutasi a Cosenza, convento di S. Francesco D'Assisi, Aprile Luglio 1976. Prefazione di F. Bologna. premesse Storiche. Nota Sul complesso monumentale di S. Francesco D'Assisi. Note di Conservazione. Catalogo. 43 tavole a Colori e 325 Illustrazioni in bianco e Nero di Autori vari tra I Quali: Girolamo Imperato; Onofrio Penna; Iacobello D'Antonio; Cristoforo Faffeo; Pietro Befulco; Salvo D'Antonio; Marco Pino; Dirk Hendricks; Andrea Lilio; Jan Leyniers; Giovan Battista Caracciolo Detto Battistello; Francesco Solimena; Corrado Giaquinto; Giuseppe Pascaletti; Federico Andreotti; Paolo di Ciacio; Antonello De Saliba; Bartolomeo Vivarini; Pietro Negroni; Giovanni Angelo D'Amato; Fabrizio Santafede; Giovan Bernardo Azzolino Detto Siciliano; Ippolito Borghese; Giovanni Balducci Detto Cosci; Agostino Ciampelli; Massimo Stanzione; Luca Giordano; Stefano Liguoro; Antonio Catalano. "
650 _aSTORIA DELLE ARTI VISIVE
650 _eCodice materia Spics: 5008
942 _cBK
957 _71
999 _c76973
_d76973
999 _g1